书目信息 |
| 题名: |
居家空间创意集
|
|
| 作者: | ;深圳市海阅通文化传播有限公司 主编 | |
| 分册: | Ⅱ 现代极简意 | |
| 出版信息: | 北京 中国建筑工业出版社 2016 |
|
| 页数: | 87页 | |
| 开本: | 29cm | |
| 丛书名: | ||
| 单 册: | ||
| 中图分类: | TU241.02-64 | |
| 科图分类: | ||
| 主题词: | 住宅--图集--室内装饰设计 | |
| 电子资源: | ||
| ISBN: | 978-7-112-18436-1 | |
| 000 | 00996nam0 2200229 450 | |
| 001 | 558 | |
| 005 | 20160906090043.32 | |
| 010 | @a978-7-112-18436-1@dCNY38.00 | |
| 100 | @a20160119d2016 em y0chiy50 ea | |
| 101 | 0 | @achi |
| 102 | @aCN@b110000 | |
| 105 | @aa z 000yy | |
| 200 | 1 | @a居家空间创意集@9ju jia kong jian chuang yi ji@hⅡ@i现代极简意@f深圳市海阅通文化传播有限公司主编 |
| 210 | @a北京@c中国建筑工业出版社@d2016 | |
| 215 | @a87页@d29cm | |
| 312 | @a封底英文分辑题名:Simple modern | |
| 330 | @a现代简约风格主要是以较少的配饰、线条感和立体感明显的家具以及黑白明亮的色调为特点,以极可能少的设计元素来营造简洁舒适而不失精致的氛围。本书通过选取世界各地的现代简约家居设计案例,以极简的图文展示,形象而具体体现了这样一些特色。 | |
| 606 | 0 | @a住宅@j图集@x室内装饰设计 |
| 690 | @aTU241.02-64@v5 | |
| 711 | 02 | @a深圳市海阅通文化传播有限公司@9shen zhen shi hai yue tong wen hua chuan bo you xian gong si@4主编 |
| 801 | 0 | @aCN@b唐山师范学院图书馆@c20160722 |
| 905 | @aZUCC@dTU241.02-64@e734 | |
| 居家空间创意集.Ⅱ.现代极简意/深圳市海阅通文化传播有限公司主编.-北京:中国建筑工业出版社,2016 |
| 87页;29cm |
| ISBN 978-7-112-18436-1:CNY38.00 |
| 现代简约风格主要是以较少的配饰、线条感和立体感明显的家具以及黑白明亮的色调为特点,以极可能少的设计元素来营造简洁舒适而不失精致的氛围。本书通过选取世界各地的现代简约家居设计案例,以极简的图文展示,形象而具体体现了这样一些特色。 |
| ● |
| 相关链接 |
|
|
|
|
正题名:居家空间创意集
索取号:TU241.02-64/734
 
预约/预借
| 序号 | 登录号 | 条形码 | 馆藏地/架位号 | 状态 | 备注 |
| 1 | 0902360 | 209023607 | 第二样本阅览室/ [索取号:TU241.02-64/734] | 在馆 | |
| 2 | 902356 | 209023563 | 第三借阅区/ [索取号:TU241.02-64/734] | 在馆 | |
| 3 | 902357 | 209023572 | 第三借阅区/ [索取号:TU241.02-64/734] | 在馆 | |
| 4 | 902358 | 209023581 | 第三借阅区/ [索取号:TU241.02-64/734] | 在馆 | |
| 5 | 902359 | 209023590 | 第三借阅区/ [索取号:TU241.02-64/734] | 在馆 |